000 01013cam a22003255a 4500
001 12121822
003 LC
005 20160315141015.0
008 000728s2000 nyu 000 0 eng
010 _a 00107247
020 _a070993006990
040 _aDLC
_cDLC
_dDLC
042 _apcc
050 _aPS 3570 .U754
_b.T956 1991
082 _aFIC
_bT86b 1990
100 1 _aTurow, Scott.
_918634
245 1 4 _aThe burden of proof /
_cScott Turow
250 _a1st.
260 _aNew York, NY :
_bWarner Books,
_c1991.
263 _a0012
300 _a564 p. :
_c17 cm.
650 _aFiction.
_9746
650 _a Kindle County (Imaginary place) -- Fiction.
856 4 2 _3Publisher description
_uhttp://www.loc.gov/catdir/enhancements/fy0914/00107247-d.html
856 4 2 _3Contributor biographical information
_uhttp://www.loc.gov/catdir/enhancements/fy1004/00107247-b.html
906 _a0
_bibc
_corignew
_d2
_eepcn
_f20
_gy-gencatlg
942 _2lcc
_cBK
999 _c11015
_d11015